000 00745cam a22002533a 4500
001 26947
003 PGUSA
005 20140828083600.0
008 081018s2008||||xxu|||||s|||||000 | eng d
040 _aPGUSA
_beng
042 _adc
050 4 _aF1401
100 1 _aAlvarez, Agustín,
_d1857-1914
245 1 0 _aLa transformación de las razas en América
_h[electronic resource] /
_cAgustín Alvarez
260 _bProject Gutenberg,
_c2008
506 _aPublic domain in the USA.
516 _aElectronic text
653 _aAmerica -- Civilization
653 _aLatin America -- Civilization
700 1 _aMota, Arturo E. de la
830 0 _aProject Gutenberg
_v26947
856 4 0 _uhttp://www.gutenberg.org/ebooks/26947
942 _cEB
999 _c256202
_d256202